00382nam a2200181Ia 4500003000900000008004100009040001300050040001300063041000800076100003400084245002700118250001100145260000800156260000900164300001100173300001000184490000600194IT-RoPAU120407s9999 xx 000 0 und d aIT-RoPAU cIT-RoPAU aita aRéné Cartesio (Descartes) aIl discorso del metodo aTorino aSei c1941 a212 p. c20 cm v1